000 00556nam a2200193 u 4500
005 20210223131115.0
008 090929s2007 r 000 0 eng d
020 _a9789703706075
035 _aUPN01000172721
049 _aCG
050 4 _aND259 K3
_bC6.2
100 1 _aConde, Teresa del
245 1 0 _aFrida Kahlo :
_buna mirada crítica /
_cTeresa del Conde y Magali Tercero.
260 _aMéxico :
_bPlaneta,
_c2007.
300 _a121 p. :
_bil.
600 1 4 _aKAHLO, FRIDA,
_d1910-1954
_91342
700 1 _aTercero, Magali,
_ecoaut.
905 _aLibro
999 _c144825
_d144825